Best Players to Ever Wear a Kings Jersey - Statistics

General Stats
  • This quiz has been taken 5 times
  • The average score is 7 of 20
Answer Stats
Hint Answer % Correct
13. Domantas Sabonis
100%
4. Chris Webber
80%
10. DeMarcus Cousins
80%
6. DeMar DeRozan
80%
2. Oscar Robertson
80%
1. Russell Westbrook
80%
19. Isaiah Thomas
40%
16. Peja Stojakovic
40%
5. Tiny Archibald
40%
15. Tyrese Haliburton
40%
20. Bob Love
20%
18. Jack Twyman
20%
7. Mitch Richmond
20%
11. Jerry Lucas
0%
9. Jo Jo White
0%
12. Metta World Peace
0%
8. Rajon Rondo
0%
17. Ralph Sampson
0%
3. Vince Carter
0%
14. Zach Randolph
0%
No matching quizzes found
Score Distribution
Percent of People with Each Score
Percentile by Number Answered
Your Score History
You have not taken this quiz